| 000 | 00516nam a2200193Ia 4500 | ||
|---|---|---|---|
| 005 | 20250508164218.0 | ||
| 008 | 008 250505s9999 xx 000 0 eng d | ||
| 020 | _a0-8204-7262-X | ||
| 037 | _aTextBook | ||
| 040 |
_aFEDL _beng _cFEDL |
||
| 041 |
_aeng _2eng |
||
| 084 |
_a370.115, KIN/R _qFEDL |
||
| 100 | _aKincheloe Joe L. | ||
| 245 | 0 | _aCritical pedagogy primer | |
| 260 |
_aNew York, USA _bPeter Lang _c2005 |
||
| 300 | _a156p | ||
| 942 |
_cTB _h370.115, KIN/R |
||
| 999 |
_c1387566 _d1387566 |
||